00838nam a22002057a 450000500170000000800410001702000180005804100080007604400070008408200220009124501490011326000950026230000340035765100100039165100630040165100660046465100600053065100190059065100230060920200104041618.0130801b2012 ck ||||| |||| 00| 0 spa d a9789588353494 aspa ack a912.1986151bA88a aAtlas Parque Nacional Natural Los Katíosbordenamiento y gestión integral del Parque Nacional Natural Los Katíos y su área de influencia aSantiago de Cali, ColombiabParques Nacionales Naturales de ColombiabWWF - Colombiac2012 a74 p.bil., mapasc34 x 23 cm aAtlas aHistoriazLos Katíos (Parque nacional natural, Colombia) aGeografíazLos Katíos (Parque nacional natural, Colombia) aMapaszLos Katíos (Parque nacional natural, Colombia) aMedio ambiente aÁreas protegidas